Statistics for Songs with Places in the Title #1

Click here to take the quiz!

General Stats

  • This quiz has been taken 20,160 times
  • The average score is 12 of 22

Answer Stats

ArtistSong% Correct
Bruce SpringsteenBorn in the {USA}
94%
The Beach Boys{California} Girls
88%
Elvis PresleyViva {Las} {Vegas}
85%
Billy Joel{New} {York} State of Mind
82%
Tony BennettI Left My Heart in {San} {Francisco}
79%
The Clash{London} Calling
71%
The Sex PistolsAnarchy in the {U}.{K}.
66%
The BeatlesBack in the {USSR}
66%
Ray Charles{Georgia} on My Mind
64%
Psy{Gangnam} Style
61%
They Might Be Giants{Istanbul} (Not Constantinople)
61%
Marc CohnWalking in {Memphis}
54%
Kiss{Detroit} Rock City
45%
Glenn Miller{Chattanooga} Choo Choo
42%
João GilbertoGirl From {Ipanema}
42%
The Beastie BoysNo Sleep 'Til {Brooklyn}
39%
Elvis PresleyBlue {Hawaii}
38%
Elton John{Philadelphia} Freedom
29%
Stevie Ray Vaughan{Texas} Flood
29%
LMFAOI'm In {Miami} Trick
26%
Merle HaggardOkie From {Muskogee}
21%
Kenny ChesneyBeer in {Mexico}
18%

Score Distribution

Percentile by Number Answered

Percent of People with Each Score

Your Score History

You have not taken this quiz